Sobre el estudio profundo de las revoluciones / (Record no. 93531)
[ view plain ]
| 000 -LEADER | |
|---|---|
| campo de control de longitud fija | 00626nam a2200193 i 4500 |
| 001 - NÚMERO DE CONTROL | |
| campo de control | 93531 |
| 003 - IDENTIFICADOR DE NÚMERO DE CONTROL | |
| campo de control | ES-MaACL |
| 005 - FECHA Y HORA DE LA ÚLTIMA TRANSACCIÓN | |
| campo de control | 20230906181243.0 |
| 007 - CAMPO FIJO DE DESCRIPCIÓN FÍSICA--INFORMACIÓN GENERAL | |
| campo de control de longitud fija | t| |
| 008 - DATOS DE LONGITUD FIJA--INFORMACIÓN GENERAL | |
| campo de control de longitud fija | 050413s1956 sp ||||1| spa d |
| 100 1# - ENTRADA PRINCIPAL--NOMBRE DE PERSONA | |
| Nombre de persona | López-Amo, Angel. |
| 9 (RLIN) | 73400 |
| 245 10 - MENCIÓN DEL TÍTULO | |
| Título | Sobre el estudio profundo de las revoluciones / |
| Mención de responsabilidad, etc. | Angel López-Amo. |
| 260 ## - PUBLICACIÓN, DISTRIBUCIÓN, ETC. | |
| Lugar de publicación, distribución, etc. | Pamplona : |
| Nombre del editor, distribuidor, etc. | Studium Generale, |
| Fecha de publicación, distribución, etc. | 1956. |
| 300 ## - DESCRIPCIÓN FÍSICA | |
| Extensión | 34 p. ; |
| Dimensiones | 18 cm. |
| 490 1# - MENCIÓN DE SERIE | |
| Mención de serie | Publicaciones del Estudio General del Navarra ; |
| Designación de volumen o secuencia | 6 |
| 830 0# - PUNTO DE ACCESO ADICIONAL DE SERIE-TÍTULO UNIFORME | |
| Título uniforme | Publicaciones del Estudio General del Navarra ; |
| Designación de volumen o secuencia | 6 |
| 9 (RLIN) | 232101 |
| 852 ## - LOCALIZACIÓN | |
| Ubicación | ES-MaACL |
| Número de control de estantería | 1996-F-16 |
| Sublocalización o colección | R.40395 |
| Estatus retirado | Estado de pérdida | Estado de daño | No para préstamo | Colección | Biblioteca de origen | Biblioteca actual | Ubicación en estantería | Fecha de adquisición | Fuente de adquisición | Total de préstamos | Signatura topográfica completa | Código de barras | Visto por última vez | Precio de reemplazo | Tipo de ítem Koha |
|---|---|---|---|---|---|---|---|---|---|---|---|---|---|---|---|
| Colección de folletos | Biblioteca del Ateneo de Madrid | Biblioteca del Ateneo de Madrid | Depósito folletos | 17/01/2008 | 1996-F-16 | 1097673 | 23/02/2023 | 23/02/2023 | Folleto |
